Hydrogen deficient Stars and Related objects (Record no. 9014)

MARC details
000 -LEADER
fixed length control field 01064nam a2200229Ia 4500
003 - CONTROL NUMBER IDENTIFIER
control field IN-BaIIA
008 - FIXED-LENGTH DATA ELEMENTS--GENERAL INFORMATION
fixed length control field 211028s9999 xx 000 0 eng d
020 ## - INTERNATIONAL STANDARD BOOK NUMBER
International Standard Book Number 90-277-2326-5
040 ## - CATALOGING SOURCE
Transcribing agency IIA Library
080 ## - UNIVERSAL DECIMAL CLASSIFICATION NUMBER
Universal Decimal Classification number 52(082.1)
Item number ASS-128
111 ## - MAIN ENTRY--MEETING NAME
Meeting name or jurisdiction name as entry element Colloquium of the International Astronomical Union on Hydrogen Deficient Stars and Related Objects
Number of part/section/meeting 87th
Location of meeting Mysore
Date of meeting or treaty signing 1985 Nov. 10-15
9 (RLIN) 15162
245 #0 - TITLE STATEMENT
Title Hydrogen deficient Stars and Related objects
Remainder of title proceedings of the 87th colloquium of the IAU on hydrogen deficient Stars and Related objects, held in Mysore, India, 10-15 November 1985
Statement of responsibility, etc. edited by Kurt Hunger, Detlef Schonberner and N. Kameswara Rao
260 ## - PUBLICATION, DISTRIBUTION, ETC.
Place of publication, distribution, etc. Dordrecht
Name of publisher, distributor, etc. D. Reidel Publishing
Date of publication, distribution, etc. 1986
300 ## - PHYSICAL DESCRIPTION
Extent [various pagings.]
650 ## - SUBJECT ADDED ENTRY--TOPICAL TERM
Topical term or geographic name entry element Astronomy and Astrophysics thesaurus
650 ## - SUBJECT ADDED ENTRY--TOPICAL TERM
Topical term or geographic name entry element Hydrogen deficient
9 (RLIN) 15163
650 ## - SUBJECT ADDED ENTRY--TOPICAL TERM
Topical term or geographic name entry element Metal abundance
9 (RLIN) 3828
700 ## - ADDED ENTRY--PERSONAL NAME
Personal name Hunger, Kurt., ed.
9 (RLIN) 15164
700 ## - ADDED ENTRY--PERSONAL NAME
Personal name Kameswara Rao, N., ed.
9 (RLIN) 15165
700 ## - ADDED ENTRY--PERSONAL NAME
Personal name Schonberner, Detlef., ed.
9 (RLIN) 15166
942 ## - ADDED ENTRY ELEMENTS (KOHA)
Koha item type Books
Holdings
Withdrawn status Lost status Damaged status Not for loan Home library Current library Shelving location Date acquired Total Checkouts Full call number Barcode Date last seen Price effective from Koha item type Purchase Price
        IIA Library-Bangalore IIA Library-Bangalore General Stacks 04/05/1987   52(082.1)/ ASS-128 9907 05/11/2021 04/05/1987 Books £ 66.00

Powered by Koha